Russian Historical Names of Cities - Statistics

General Stats
  • This quiz has been taken 33 times
  • The average score is 7 of 15
Answer Stats
Russian name English name % Correct
Parizh Paris
97%
Pekin Beijing
93%
Erivan Yerevan
72%
Pishpek Bishkek
69%
Afiny Athens
59%
Tsargrad Istanbul
59%
Vernyy Almaty
45%
Akmolinsk Astana
45%
Belostok Bialystok
34%
Vifleyem Bethlehem
28%
Ivangorod Narva
24%
Kolyvan Tallinn
24%
Dalniy Dalian
21%
Dvinsk Daugavpils
21%
Yuryev Tartu
17%
No matching quizzes found
Score Distribution
Percent of People with Each Score
Percentile by Number Answered
Your Score History
You have not taken this quiz